000 00453nam a22001697a 4500
005 20260401084530.0
008 260401b |||||||| |||| 00| 0 eng d
020 _a9783080070922
050 _aHG4026
_b.C67
100 _aCORELLI, ANGELO
245 _aANALYTICAL CORPORATE FINANCE
250 _a2ND
260 _aSWITZERLAND
_bSPRINGER NATURE SWITZERLAND
_c2018
300 _aXX, 501P.
_bILL
650 _aACCOUNTING
_vBUSINESS ENTREPRISES
942 _cBK
999 _c4632
_d4632